| 000 | 00763nam a22002657a 4500 | ||
|---|---|---|---|
| 999 |
_c200459923 _d78135 |
||
| 003 | TR-AnTOB | ||
| 005 | 20240425161849.0 | ||
| 008 | 240425b ||||| |||| 00| 0 tur d | ||
| 020 | _a9786051981949 | ||
| 040 |
_aTR-AnTOB _beng _cTR-AnTOB _erda |
||
| 041 | _atur | ||
| 092 | _a590. MIZy 2021 | ||
| 100 | _0 Mizielinska, Aleksandra. | ||
| 245 |
_aYer altı su altı _cAleksandra Mizielinska ; Daniel Mizielinski.. |
||
| 250 | _a1.bs | ||
| 264 |
_aİstanbul : _bDomingo Yayıncılık, _c2021. |
||
| 300 |
_a[115] pages: _bill; _c35cm |
||
| 336 |
_2rdacontent _atext _btxt |
||
| 337 |
_2rdamedia _aunmediated _bn |
||
| 338 |
_2rdacarrier _avolume _bnc |
||
| 653 | _asu altı | ||
| 942 |
_2ddc _cBK |
||